=LDR 00000nam 2200000 4500 =001 INLIS000000000014336 =005 20210106111816 =035 ##$$a 0010-061300000014336 =008 210106################g##########0#ind## =041 ##$$a Ind =082 ##$$a 332.6 =090 ##$$a 332.6, Cah c =100 ##$$a Cahyono, Jaka E =245 1#$$a Cara jitu meraih untung dari reksa dana /$c Jaka E. Cahyono =260 ##$$a Jakarta :$b Elex Media Komputindo,$c 2001 =300 ##$$a xviii, 176 hlm, : $b ilus. ; $c 21 x 14 cm. =650 #4$$a Investasi =850 ##$$a NBPNMAT =020 ##$$a 979-20-1585-x =084 ##$$a 332.6 CAH c =990 ##$$a 30501242 =990 ##$$a 30501243 =990 ##$$a 30501244 =990 ##$$a 30501245